000 00583nam a22001937a 4500
003 0
005 20241010090728.0
008 241010b xxu||||| |||| 00| 0 eng d
020 _a9781916784352
050 _aQA 76.758
_b.C66 2024
100 _aCooper, Gah,
_eauthor.
245 _aObject oriented software engineering /
_cGah Cooper.
250 _a1st ed.
260 _aLondon, UK :
_bVintage Press Ltd.,
_c2024.
300 _axii, 276 p. :
_bcol. ill. ;
_c24 cm.
504 _aIncludes bibliographical references and index.
650 _aSoftware engineering.
942 _2lcc
_cBK
999 _c366484
_d366484